Los salvadoreños evalúan el tercer año del gobierno de Francisco Flores: II
Gorde:
| Formatua: | Texto |
|---|---|
| Gaiak: | |
| Etiketak: |
Etiketa erantsi
Etiketarik gabe, Izan zaitez lehena erregistro honi etiketa jartzen!
|
MARC
| LEADER | 00000 a a2200000 04500 | ||
|---|---|---|---|
| 001 | 6475 | ||
| 003 | |||
| 040 | |||
| 245 | |a Los salvadoreños evalúan el tercer año del gobierno de Francisco Flores: II | ||
| 650 | |a PODER LEGISLATIVO | ||
| 650 | |a GOBIERNO | ||
| 650 | |a EVALUACION | ||
| 650 | |a ENCUESTAS | ||
| 773 | |g volumen 22, número 1003; páginas 9-10 | ||
| 999 | |c 35957 |d 35957 | ||
